000 01086nam a2200301 i 4500
001 000008979
003 DO-SdBNP
005 20260205134700.0
007 ta
008 090922s1972 dr 000 p spa d
040 _aDO-SdBNP
_bspa
_cBNPHU
_erda
041 _aspa
082 4 _aRD861.408
_bR918a
_222
245 0 0 _aAntología panorámica de la poesía dominicana contemporánea (1912-1962) /
_ccompilador, Manuel Rueda.
264 _aSantiago de los Caballeros, República Dominicana :
_bUniversidad Católica Madre y Maestra, (UCMM),
_c1972.
300 _avolúmenes :
_bilustraciones ;
_c21 cm.
336 _atexto
_btxt
_2rdacontent
337 _asin mediación
_bn
_2rdamedia
338 _avolumen
_bnc
_2rdacarrier
490 0 _aColección Contemporáneos
500 _aIncluye notas al pie de las páginas
500 _aLa bibliotecca posee el volumen 1
505 0 _gv.1
_tLos movimientos literarios
590 _aInventariado, 2026 /LP
650 7 _aPoesía dominicana
_vColecciones
_9351
650 7 _aLiteratura dominicana
_vColecciones
_9352
942 _2ddc
_cLBS1
999 _c8743
_d8743